[Event "Europa tch 2011 femenino"]
[Site "Porto Carras"]
[Date "2011.11.07"]
[Round "5.8"]
[White "Calzetta Ruiz, Monica"]
[Black "Bensdorp, Marlies"]
[Result "1/2-1/2"]
[WhiteElo "2301"]
[BlackElo "2242"]
[PlyCount "95"]
[EventDate "2011.11.03"]
[EventType "team"]
[EventRounds "9"]
[EventCountry "GRE"]
[Source "lmi"]
[SourceDate "2011.11.03"]
[WhiteTeamCountry "NED"]
[BlackTeamCountry "GRE"]

1. e4 e6 2. d4 d5 3. Nd2 c5 4. Ngf3 cxd4 5. Nxd4 Nc6 6. Bb5 Bd7 7. Nxc6 Bxc6 8.
Bxc6+ bxc6 9. c4 Qa5 10. O-O Nf6 11. Qe2 Qa6 12. b3 Be7 13. Bb2 O-O 14. f4 Rad8
15. f5 exf5 16. Rxf5 dxe4 17. Nxe4 Nxe4 18. Qxe4 Qb6+ 19. Kh1 Qc7 20. Raf1 Qd6
21. h3 Rd7 22. Qf3 Bd8 23. Be5 Qe6 24. Bc3 Qg6 25. Qe3 Bb6 26. c5 Bd8 27. Bb2
h6 28. Qf3 Re8 29. Rf4 Bg5 30. Rg4 Rd3 31. Qf2 Rd2 32. Qxd2 Bxd2 33. Rxg6 fxg6
34. Rd1 Re2 35. Bd4 g5 36. Kg1 Bf4 37. a4 Kf7 38. Bf2 Rd2 39. Rxd2 Bxd2 40. Kf1
Ke6 41. Ke2 Bb4 42. Kd3 Kd5 43. Bd4 g6 44. g4 h5 45. Bf6 hxg4 46. hxg4 Bxc5 47.
Bxg5 a6 48. Bf4 1/2-1/2

[Event "Europa tch 2011 femenino"]
[Site "Porto Carras"]
[Date "2011.11.07"]
[Round "5.8"]
[White "Haast, Anne"]
[Black "Hernandez Estevez, Yudania"]
[Result "1-0"]
[WhiteElo "2268"]
[BlackElo "2284"]
[PlyCount "69"]
[EventDate "2011.11.03"]
[EventType "team"]
[EventRounds "9"]
[EventCountry "GRE"]
[Source "lmi"]
[SourceDate "2011.11.03"]
[WhiteTeamCountry "NED"]
[BlackTeamCountry "GRE"]

1. e4 e5 2. Nf3 Nc6 3. d4 exd4 4. Nxd4 g6 5. c4 Bg7 6. Be3 Nf6 7. Nc3 O-O 8. f3
Re8 9. Qd2 d6 10. O-O-O a6 11. h4 Ne5 12. h5 b5 13. Bh6 Bh8 14. hxg6 fxg6 15.
Bg5 Qd7 16. cxb5 Qf7 17. b3 axb5 18. Bxb5 Ba6 19. f4 Ned7 20. Bc6 Nc5 21. Bxf6
Qxf6 22. Bd5+ Kf8 23. Rh3 c6 24. Bxc6 Rac8 25. Kb1 Re7 26. Bd5 Rec7 27. e5 dxe5
28. fxe5 Qg7 29. Rf3+ Ke8 30. Ndb5 Bxb5 31. Nxb5 Rd7 32. Re1 Ne6 33. Rf6 Nc7
34. Bc6 Qe7 35. Qxd7+ 1-0

[Event "Europa tch 2011 femenino"]
[Site "Porto Carras"]
[Date "2011.11.07"]
[Round "5.8"]
[White "Lanchava, Tea"]
[Black "Vega Gutierrez, Sabrina"]
[Result "1-0"]
[WhiteElo "2320"]
[BlackElo "2327"]
[PlyCount "63"]
[EventDate "2011.11.03"]
[EventType "team"]
[EventRounds "9"]
[EventCountry "GRE"]
[Source "lmi"]
[SourceDate "2011.11.03"]
[WhiteTeamCountry "NED"]
[BlackTeamCountry "GRE"]

1. Nf3 d5 2. c4 e6 3. g3 Nf6 4. Bg2 dxc4 5. Qa4+ c6 6. Qxc4 b5 7. Qb3 Bb7 8.
O-O a6 9. d4 c5 10. Rd1 c4 11. Qc2 Nc6 12. a3 Na5 13. Nc3 Nb3 14. Rb1 Nxc1 15.
Rbxc1 Be7 16. e4 O-O 17. Ng5 g6 18. Qe2 Qb6 19. h4 h6 20. Nh3 Rfd8 21. e5 Ne8
22. d5 exd5 23. Nxd5 Bxd5 24. Bxd5 Ra7 25. e6 f5 26. Nf4 Kg7 27. h5 g5 28. Qe5+
Nf6 29. Ng6 Qc5 30. b4 Rxd5 31. Qb8 Rxd1+ 32. Rxd1 1-0

[Event "Europa tch 2011 femenino"]
[Site "Porto Carras"]
[Date "2011.11.07"]
[Round "5.9"]
[White "Efroimski, Marsel"]
[Black "Berzina, Ilze"]
[Result "1-0"]
[WhiteElo "2230"]
[BlackElo "2320"]
[PlyCount "75"]
[EventDate "2011.11.03"]
[EventType "team"]
[EventRounds "9"]
[EventCountry "GRE"]
[Source "lmi"]
[SourceDate "2011.11.03"]
[WhiteTeamCountry "NED"]
[BlackTeamCountry "GRE"]

1. e4 c6 2. d4 d5 3. e5 g6 4. c4 Bg7 5. Nc3 Nh6 6. Bf4 dxc4 7. Qd2 Nf5 8. Nf3
Be6 9. g4 Bd5 10. Nxd5 Qxd5 11. Bg2 Nxd4 12. Qxd4 Qe6 13. a3 f6 14. O-O O-O 15.
exf6 Bxf6 16. Be5 Nd7 17. Bxf6 exf6 18. Rfe1 Qf7 19. a4 Rfd8 20. a5 Nf8 21. Qc5
Qd5 22. Qe7 Nd7 23. Rad1 Qf7 24. Bf1 b5 25. Qd6 Ne5 26. Nxe5 Rxd6 27. Nxf7 Rxd1
28. Rxd1 Kxf7 29. Rd6 Rc8 30. Rd7+ Ke6 31. Rxa7 Kd6 32. a6 Kc5 33. Rb7 Ra8 34.
a7 b4 35. Bg2 c3 36. bxc3 bxc3 37. Rc7 Kb4 38. Bxc6 1-0

[Event "Europa tch 2011 femenino"]
[Site "Porto Carras"]
[Date "2011.11.07"]
[Round "5.9"]
[White "Reizniece-Ozola, Dana"]
[Black "Klinova, Masha"]
[Result "1-0"]
[WhiteElo "2281"]
[BlackElo "2316"]
[PlyCount "97"]
[EventDate "2011.11.03"]
[EventType "team"]
[EventRounds "9"]
[EventCountry "GRE"]
[Source "lmi"]
[SourceDate "2011.11.03"]
[WhiteTeamCountry "NED"]
[BlackTeamCountry "GRE"]

1. Nf3 Nf6 2. c4 g6 3. Nc3 Bg7 4. d4 d6 5. e4 O-O 6. Be2 e5 7. O-O Nc6 8. d5
Ne7 9. Ne1 Nd7 10. Be3 f5 11. f3 f4 12. Bf2 g5 13. Rc1 Ng6 14. c5 Nxc5 15. b4
Na6 16. Nb5 g4 17. fxg4 f3 18. Bxf3 Nf4 19. a4 Bd7 20. Nd3 Nxd3 21. Qxd3 Nxb4
22. Qc4 Na6 23. Nxa7 Qg5 24. Qe2 Nc5 25. Nb5 Rxa4 26. Bxc5 dxc5 27. Nxc7 Bh6
28. Qc2 b6 29. Rb1 Qe3+ 30. Kh1 Rb4 31. Rxb4 cxb4 32. Rb1 Qc3 33. Qa2 Kh8 34.
Ne6 Rc8 35. h4 Bc1 36. Qf2 Be3 37. Qf1 Bxe6 38. dxe6 Bf4 39. e7 Kg7 40. g5 b5
41. g3 Bxg3 42. Bg4 Bf4 43. Bxc8 Qc2 44. Qxf4 exf4 45. e8=Q Qxb1+ 46. Kh2 Qb2+
47. Kh3 Qc3+ 48. Kg4 Qg3+ 49. Kh5 1-0

[Event "Europa tch 2011 femenino"]
[Site "Porto Carras"]
[Date "2011.11.07"]
[Round "5.9"]
[White "Vasiliev, Olga"]
[Black "Ungure, Liga"]
[Result "1-0"]
[WhiteElo "2305"]
[BlackElo "2066"]
[PlyCount "61"]
[EventDate "2011.11.03"]
[EventType "team"]
[EventRounds "9"]
[EventCountry "GRE"]
[Source "lmi"]
[SourceDate "2011.11.03"]
[WhiteTeamCountry "NED"]
[BlackTeamCountry "GRE"]

1. e4 c5 2. Nf3 d6 3. d4 cxd4 4. Nxd4 Nf6 5. Nc3 Nc6 6. Bg5 e6 7. Qd2 Be7 8.
O-O-O O-O 9. f3 Nxd4 10. Qxd4 a6 11. h4 e5 12. Qd2 Be6 13. Kb1 b5 14. g4 b4 15.
Nd5 Bxd5 16. exd5 e4 17. Bxf6 Bxf6 18. g5 Be7 19. fxe4 a5 20. Bh3 Qb6 21. h5 a4
22. Bf5 b3 23. cxb3 a3 24. Rdg1 Ra7 25. h6 g6 26. Qc3 f6 27. Be6+ Kh8 28. bxa3
Rc7 29. Qd2 Qb8 30. Rf1 Qd8 31. Qb2 1-0

[Event "Europa tch 2011 femenino"]
[Site "Porto Carras"]
[Date "2011.11.07"]
[Round "5.10"]
[White "Blagojevic, Tijana"]
[Black "Mamedjarova, Turkan"]
[Result "0-1"]
[WhiteElo "1925"]
[BlackElo "2277"]
[PlyCount "70"]
[EventDate "2011.11.03"]
[EventType "team"]
[EventRounds "9"]
[EventCountry "GRE"]
[Source "lmi"]
[SourceDate "2011.11.03"]
[WhiteTeamCountry "NED"]
[BlackTeamCountry "GRE"]

1. e4 e5 2. Nf3 Nc6 3. Nc3 Nf6 4. d4 Bb4 5. Nxe5 Qe7 6. Nxc6 Qxe4+ 7. Qe2 dxc6
8. Bd2 Qxe2+ 9. Bxe2 Bf5 10. O-O-O O-O 11. Ne4 Bxe4 12. Bxb4 Rfe8 13. Bf1 Rad8
14. f3 Bg6 15. Be1 Rd7 16. Bf2 Nd5 17. c3 b5 18. Re1 Rb8 19. g3 Rdd8 20. Bg2 b4
21. c4 Nc3 22. b3 Nxa2+ 23. Kb2 Nc3 24. Re7 Kf8 25. Re5 f6 26. Ree1 Kg8 27. f4
c5 28. d5 c6 29. Bxc5 cxd5 30. Bxb4 d4 31. Ba5 Rd7 32. Ka3 Rd6 33. c5 Bf7 34.
b4 Ra6 35. f5 Rxa5+ 0-1

[Event "Europa tch 2011 femenino"]
[Site "Porto Carras"]
[Date "2011.11.07"]
[Round "5.10"]
[White "Mamedjarova, Zeinab"]
[Black "Vojinovic, Jovana"]
[Result "1-0"]
[WhiteElo "2314"]
[BlackElo "2346"]
[PlyCount "85"]
[EventDate "2011.11.03"]
[EventType "team"]
[EventRounds "9"]
[EventCountry "GRE"]
[Source "lmi"]
[SourceDate "2011.11.03"]
[WhiteTeamCountry "NED"]
[BlackTeamCountry "GRE"]

1. d4 Nf6 2. c4 g6 3. Nf3 Bg7 4. g3 O-O 5. Bg2 d6 6. O-O Nc6 7. d5 Na5 8. Qa4
c5 9. Bd2 b6 10. Bc3 e5 11. dxe6 Bxe6 12. Nbd2 Qe8 13. Qc2 Rd8 14. Ng5 Bc8 15.
b3 Nc6 16. Qb2 Nd4 17. Rfe1 Qe7 18. e3 Ne6 19. Nge4 Ng4 20. Bxg7 Nxg7 21. Nc3
Be6 22. Rad1 Ne8 23. f4 Nc7 24. h3 Nf6 25. e4 Nh5 26. Kh2 f6 27. Nf3 Qg7 28.
Qd2 Qf7 29. Re3 Ng7 30. Rd3 Nge8 31. g4 Rb8 32. Qe3 Qg7 33. R3d2 Bc8 34. e5
dxe5 35. fxe5 f5 36. gxf5 Bxf5 37. Nd5 Ne6 38. Ne7+ Kh8 39. Rd7 Nd4 40. Rxa7
Rf7 41. e6 Nxf3+ 42. Bxf3 Bxe6 43. Bg2 1-0

[Event "Europa tch 2011 femenino"]
[Site "Porto Carras"]
[Date "2011.11.07"]
[Round "5.10"]
[White "Mammadova, Gulnar"]
[Black "Stojanovic, Marija R"]
[Result "1-0"]
[WhiteElo "2290"]
[BlackElo "2095"]
[PlyCount "79"]
[EventDate "2011.11.03"]
[EventType "team"]
[EventRounds "9"]
[EventCountry "GRE"]
[Source "lmi"]
[SourceDate "2011.11.03"]
[WhiteTeamCountry "NED"]
[BlackTeamCountry "GRE"]

1. e4 c5 2. Nf3 d6 3. d4 cxd4 4. Qxd4 Nc6 5. Bb5 Bd7 6. Bxc6 Bxc6 7. Nc3 Nf6 8.
Bg5 e6 9. O-O-O Be7 10. Qd3 O-O 11. Nd4 Qa5 12. f4 Rfd8 13. f5 e5 14. Nb3 Qa6
15. Qxa6 bxa6 16. Bxf6 Bxf6 17. Na5 Rac8 18. Nxc6 Rxc6 19. Rd3 Bg5+ 20. Kb1 Rb8
21. Rhd1 Rcb6 22. b3 Rc6 23. Kb2 Rbc8 24. g3 g6 25. h4 Bf6 26. fxg6 hxg6 27.
R1d2 Be7 28. Nd5 Bf8 29. g4 Rb8 30. Kc1 a5 31. a4 f5 32. gxf5 gxf5 33. exf5 Kf7
34. Kd1 Bh6 35. Rg2 e4 36. Rd4 Re8 37. c4 Re5 38. Rg6 Bg7 39. Ne3 Rxf5 40.
Rxg7+ 1-0

[Event "Europa tch 2011 femenino"]
[Site "Porto Carras"]
[Date "2011.11.07"]
[Round "5.10"]
[White "Milovic, Aleksandra"]
[Black "Kazimova, Narmin"]
[Result "0-1"]
[WhiteElo "2171"]
[BlackElo "2241"]
[PlyCount "66"]
[EventDate "2011.11.03"]
[EventType "team"]
[EventRounds "9"]
[EventCountry "GRE"]
[Source "lmi"]
[SourceDate "2011.11.03"]
[WhiteTeamCountry "NED"]
[BlackTeamCountry "GRE"]

1. e4 c5 2. Nf3 d6 3. d4 cxd4 4. Nxd4 Nf6 5. Nc3 e6 6. Be3 a6 7. Be2 Qc7 8. a3
b5 9. g4 Bb7 10. f3 Nfd7 11. f4 Nc5 12. Bf3 Nbd7 13. g5 Nb6 14. Qe2 Rc8 15. f5
e5 16. Nb3 Nca4 17. Nxa4 Nxa4 18. O-O Nxb2 19. Ra2 Na4 20. Qg2 Nc3 21. Raa1 g6
22. fxg6 hxg6 23. Rf2 Rd8 24. Raf1 Rd7 25. Nd2 Re7 26. Qg3 Bg7 27. h4 d5 28.
exd5 Nxd5 29. Bxd5 Bxd5 30. Nf3 Bb7 31. Rh2 e4 32. Qxc7 Rxc7 33. Nd4 Rc3 0-1

[Event "Europa tch 2011 femenino"]
[Site "Porto Carras"]
[Date "2011.11.07"]
[Round "5.11"]
[White "De Seroux, Camille"]
[Black "Ozturk, Kubra"]
[Result "0-1"]
[WhiteElo "2056"]
[BlackElo "2239"]
[PlyCount "108"]
[EventDate "2011.11.03"]
[EventType "team"]
[EventRounds "9"]
[EventCountry "GRE"]
[Source "lmi"]
[SourceDate "2011.11.03"]
[WhiteTeamCountry "NED"]
[BlackTeamCountry "GRE"]

1. e4 e5 2. Nf3 Nc6 3. d4 exd4 4. Nxd4 Bc5 5. Be3 Qf6 6. Nb5 Bxe3 7. fxe3 Qh4+
8. g3 Qd8 9. Qg4 g5 10. N1c3 d6 11. Qe2 a6 12. Nd4 Ne5 13. Qg2 Ne7 14. O-O-O
Bg4 15. Be2 Qd7 16. h3 Bxe2 17. Qxe2 O-O-O 18. Qh5 h6 19. Rhf1 Kb8 20. Rf2 Rdf8
21. b3 Ka7 22. Kb2 c6 23. Rf6 Nc8 24. Rxh6 Qd8 25. h4 gxh4 26. Qxh4 Rxh6 27.
Qxh6 Rh8 28. Qf4 Qb6 29. Qf1 Rg8 30. Nf5 Qc5 31. Qe2 Rg6 32. Na4 Qb4 33. Rd4
Qa5 34. Qd2 Qc7 35. Qd1 b5 36. Nc3 c5 37. Rd2 b4 38. Nd5 Qa5 39. c4 bxc3+ 40.
Nxc3 Nb6 41. Rc2 Qb4 42. Ka1 c4 43. Nd5 Nxd5 44. exd5 cxb3 45. axb3 Kb7 46. Qd2
Qb5 47. e4 Qb6 48. Qh2 Qa5+ 49. Kb2 Nd3+ 50. Kb1 Qe1+ 51. Ka2 Qxe4 52. Rf2 Nxf2
53. Qxf2 Rf6 54. Nxd6+ Rxd6 0-1

[Event "Europa tch 2011 femenino"]
[Site "Porto Carras"]
[Date "2011.11.07"]
[Round "5.11"]
[White "Kaya, Emel"]
[Black "Stoeri, Laura"]
[Result "1-0"]
[WhiteElo "2005"]
[BlackElo "1939"]
[PlyCount "57"]
[EventDate "2011.11.03"]
[EventType "team"]
[EventRounds "9"]
[EventCountry "GRE"]
[Source "lmi"]
[SourceDate "2011.11.03"]
[WhiteTeamCountry "NED"]
[BlackTeamCountry "GRE"]

1. e4 e5 2. Nf3 Nc6 3. Bb5 a6 4. Ba4 Nf6 5. O-O Be7 6. Re1 b5 7. Bb3 O-O 8. c3
d6 9. h3 Nb8 10. d4 Nbd7 11. c4 Bb7 12. Nc3 Re8 13. cxb5 axb5 14. Ng5 Rf8 15.
Nxb5 h6 16. Nxf7 Rxf7 17. Bxf7+ Kxf7 18. dxe5 Nxe5 19. Qb3+ Kf8 20. f4 Ned7 21.
e5 Nc5 22. Qc2 Be4 23. Qd2 dxe5 24. fxe5 Qxd2 25. Bxd2 Nd3 26. exf6 Bc5+ 27.
Be3 Bb4 28. fxg7+ Kxg7 29. Bd4+ 1-0

[Event "Europa tch 2011 femenino"]
[Site "Porto Carras"]
[Date "2011.11.07"]
[Round "5.11"]
[White "Thuerig, Catherine"]
[Black "Cemhan, Kardelen"]
[Result "1/2-1/2"]
[WhiteElo "2049"]
[BlackElo "1881"]
[PlyCount "69"]
[EventDate "2011.11.03"]
[EventType "team"]
[EventRounds "9"]
[EventCountry "GRE"]
[Source "lmi"]
[SourceDate "2011.11.03"]
[WhiteTeamCountry "NED"]
[BlackTeamCountry "GRE"]

1. e4 c5 2. c3 Nf6 3. d3 g6 4. Nf3 Bg7 5. Be2 O-O 6. O-O Nc6 7. Nbd2 d5 8. Qc2
e5 9. h3 Nh5 10. Re1 Nf4 11. Bf1 f5 12. exd5 Nxd5 13. Nc4 Qc7 14. Ne3 Nxe3 15.
Bxe3 b6 16. Rad1 Kh8 17. Qa4 Bb7 18. Ng5 Rae8 19. Qh4 Bf6 20. f4 Nd8 21. fxe5
Bxe5 22. d4 Bg3 23. Qh6 Bxe1 24. Rxe1 Qg7 25. Qh4 f4 26. Bd2 Rxe1 27. Bxe1 cxd4
28. Bf2 dxc3 29. bxc3 Nc6 30. Ne6 Qf6 31. Nxf8 Qxf8 32. Qg5 Kg7 33. Bb5 Qf5 34.
Qxf5 gxf5 35. Bh4 1/2-1/2

[Event "Europa tch 2011 femenino"]
[Site "Porto Carras"]
[Date "2011.11.07"]
[Round "5.12"]
[White "Bhatia, Kanwal K"]
[Black "Medic, Mirjana"]
[Result "1/2-1/2"]
[WhiteElo "2087"]
[BlackElo "2236"]
[PlyCount "84"]
[EventDate "2011.11.03"]
[EventType "team"]
[EventRounds "9"]
[EventCountry "GRE"]
[Source "lmi"]
[SourceDate "2011.11.03"]
[WhiteTeamCountry "NED"]
[BlackTeamCountry "GRE"]

1. e4 e6 2. d4 d5 3. Nd2 Nf6 4. e5 Nfd7 5. f4 c5 6. c3 Nc6 7. Ndf3 Qb6 8. a3
cxd4 9. cxd4 Be7 10. h4 Na5 11. Bd3 Nb3 12. Rb1 Nxd4 13. Nxd4 Qxd4 14. Nf3 Qb6
15. Qe2 Nc5 16. Bc2 Bd7 17. Be3 Qb5 18. Qd2 Ne4 19. Bxe4 dxe4 20. Nd4 Qd5 21.
h5 h6 22. O-O O-O 23. Rfd1 Rfd8 24. Qe1 Bf8 25. Qg3 Kh7 26. Rd2 Bb5 27. Nxb5
Qxb5 28. Rbd1 Rxd2 29. Rxd2 Rc8 30. Qe1 Bc5 31. Kh2 f5 32. exf6 Bxe3 33. Qxe3
Qxh5+ 34. Kg3 Qg6+ 35. Kf2 Qxf6 36. Qxe4+ Kh8 37. g3 b6 38. Re2 Rd8 39. Qxe6
Qd4+ 40. Qe3 Qd5 41. Qf3 Qc5+ 42. Qe3 Qd5 1/2-1/2

[Event "Europa tch 2011 femenino"]
[Site "Porto Carras"]
[Date "2011.11.07"]
[Round "5.12"]
[White "Franciskovic, Borka"]
[Black "Ciuksyte, Dagne"]
[Result "1/2-1/2"]
[WhiteElo "2280"]
[BlackElo "2327"]
[PlyCount "100"]
[EventDate "2011.11.03"]
[EventType "team"]
[EventRounds "9"]
[EventCountry "GRE"]
[Source "lmi"]
[SourceDate "2011.11.03"]
[WhiteTeamCountry "NED"]
[BlackTeamCountry "GRE"]

1. Nf3 Nf6 2. g3 d5 3. Bg2 c6 4. O-O Bg4 5. c4 e6 6. d3 Nbd7 7. cxd5 exd5 8.
Nc3 Bc5 9. Qb3 b5 10. Bf4 O-O 11. Qc2 Re8 12. Rac1 Rc8 13. e4 b4 14. Na4 dxe4
15. dxe4 Bxf3 16. Bxf3 Bd4 17. Rfd1 c5 18. Bd6 Ne5 19. Bxe5 Rxe5 20. b3 Re8 21.
Kg2 Qe7 22. Re1 Qe5 23. Qc4 h5 24. h4 Re6 25. Re2 Ng4 26. Bxg4 hxg4 27. Rcc2
Qf6 28. Qd3 Rd8 29. f4 gxf3+ 30. Qxf3 Qe7 31. Rcd2 Re8 32. Nb2 Rf6 33. Qg4 Rg6
34. Qf5 Be5 35. Rd3 Bxb2 36. Rxb2 Qxe4+ 37. Qxe4 Rxe4 38. Rc2 Re5 39. Kh2 Rge6
40. Kh3 Re2 41. Rxc5 Rxa2 42. Rc8+ Kh7 43. Rc7 Rf6 44. Rdd7 Kg6 45. Kg4 Raf2
46. Rxa7 R6f3 47. Rab7 Rxb3 48. h5+ Kh6 49. Rxf7 Rxf7 50. Rxf7 Rc3 1/2-1/2

[Event "Europa tch 2011 femenino"]
[Site "Porto Carras"]
[Date "2011.11.07"]
[Round "5.12"]
[White "Houska, Jovanka"]
[Black "Golubenko, Valentina"]
[Result "1/2-1/2"]
[WhiteElo "2415"]
[BlackElo "2293"]
[PlyCount "101"]
[EventDate "2011.11.03"]
[EventType "team"]
[EventRounds "9"]
[EventCountry "GRE"]
[Source "lmi"]
[SourceDate "2011.11.03"]
[WhiteTeamCountry "NED"]
[BlackTeamCountry "GRE"]

1. d4 Nf6 2. Nf3 c5 3. d5 e6 4. c4 exd5 5. cxd5 d6 6. Nc3 g6 7. h3 a6 8. a4 Qe7
9. Bf4 Bg7 10. Nd2 Nh5 11. Bh2 Nd7 12. e3 Be5 13. Bxe5 Nxe5 14. Be2 Nf6 15. O-O
O-O 16. e4 g5 17. f4 gxf4 18. Rxf4 Ng6 19. Rf2 Nd7 20. Nc4 Nde5 21. Nxe5 Qxe5
22. Bg4 Qd4 23. Qe2 Nf4 24. Qf3 Nd3 25. Raf1 Nxf2 26. Rxf2 Bxg4 27. Qxg4+ Kh8
28. a5 Rae8 29. Qf5 f6 30. Kh1 Re5 31. Qf4 Ree8 32. Rf1 Qe5 33. Qf3 Re7 34. Qd3
Rg7 35. Rf5 Qg3 36. Qf1 Rg6 37. Rf3 Qe5 38. Rf5 Qd4 39. Qf3 Rfg8 40. g4 c4 41.
Kg2 b5 42. axb6 Qxb6 43. Rxf6 Qxb2+ 44. Kg3 Qb8 45. Rf5 Qc7 46. Rf7 Qb8 47. Ne2
Qb3 48. Qxb3 cxb3 49. Rb7 R6g7 50. Rxb3 Re7 51. Kf3 1/2-1/2

[Event "Europa tch 2011 femenino"]
[Site "Porto Carras"]
[Date "2011.11.07"]
[Round "5.12"]
[White "Jelica, Mara"]
[Black "Hegarty, Sarah N"]
[Result "1-0"]
[WhiteElo "2234"]
[BlackElo "2060"]
[PlyCount "41"]
[EventDate "2011.11.03"]
[EventType "team"]
[EventRounds "9"]
[EventCountry "GRE"]
[Source "lmi"]
[SourceDate "2011.11.03"]
[WhiteTeamCountry "NED"]
[BlackTeamCountry "GRE"]

1. e4 c5 2. Nf3 Nc6 3. d4 cxd4 4. Nxd4 g6 5. Nc3 Bg7 6. Be3 Nf6 7. Be2 O-O 8.
Nb3 d6 9. O-O Bd7 10. f4 Rc8 11. Bf3 Ne8 12. Qd2 Na5 13. Bxa7 Nc4 14. Qf2 e6
15. Bd4 Nxb2 16. e5 Qc7 17. Ne4 Na4 18. Nxd6 Nxd6 19. exd6 Qxd6 20. Bxg7 Kxg7
21. Rad1 1-0

[Event "Europa tch 2011 femenino"]
[Site "Porto Carras"]
[Date "2011.11.07"]
[Round "5.13"]
[White "Batkovskyte, Dominyka"]
[Black "Brunello, Marina"]
[Result "1-0"]
[WhiteElo "2102"]
[BlackElo "2221"]
[PlyCount "75"]
[EventDate "2011.11.03"]
[EventType "team"]
[EventRounds "9"]
[EventCountry "GRE"]
[Source "lmi"]
[SourceDate "2011.11.03"]
[WhiteTeamCountry "NED"]
[BlackTeamCountry "GRE"]

1. d4 Nf6 2. c4 e6 3. Nc3 c5 4. d5 exd5 5. cxd5 d6 6. e4 g6 7. Bd3 Bg7 8. h3 a6
9. a4 Nbd7 10. Nf3 Nh5 11. Bg5 Bf6 12. Bh6 Ne5 13. Be2 Ng7 14. Qd2 O-O 15. O-O
Nxf3+ 16. Bxf3 Re8 17. Rfe1 Bd7 18. Bf4 Be5 19. Bg5 Bf6 20. Bf4 Be5 21. a5 Qc7
22. Be3 Re7 23. Na4 Rf8 24. Bd1 f5 25. f4 Bd4 26. Bxd4 cxd4 27. Rc1 Qd8 28. e5
Bxa4 29. Bxa4 dxe5 30. Bb3 Qd6 31. fxe5 Rxe5 32. Rxe5 Qxe5 33. d6+ Kh8 34. d7
Qb8 35. Qb4 Rd8 36. Qe7 f4 37. Qxd8+ Qxd8 38. Rc8 1-0

[Event "Europa tch 2011 femenino"]
[Site "Porto Carras"]
[Date "2011.11.07"]
[Round "5.13"]
[White "Daulyte, Deimante"]
[Black "Sedina, Elena"]
[Result "0-1"]
[WhiteElo "2238"]
[BlackElo "2343"]
[PlyCount "76"]
[EventDate "2011.11.03"]
[EventType "team"]
[EventRounds "9"]
[EventCountry "GRE"]
[Source "lmi"]
[SourceDate "2011.11.03"]
[WhiteTeamCountry "NED"]
[BlackTeamCountry "GRE"]

1. e4 e6 2. d4 d5 3. e5 c5 4. c3 Qb6 5. Nf3 Nc6 6. a3 f6 7. Bd3 fxe5 8. Nxe5
Nf6 9. Bg5 Qxb2 10. Bxf6 gxf6 11. Qh5+ Kd8 12. Nf7+ Kc7 13. Nxh8 Qxa1 14. Qxh7+
Bd7 15. O-O cxd4 16. c4 dxc4 17. Bxc4 Re8 18. Ng6 Bd6 19. Qg7 Qb2 20. Bd3 f5
21. f4 Qb3 22. Rf3 Qd1+ 23. Kf2 Kc8 24. Ne5 Bxe5 25. fxe5 Ne7 26. Qh6 Nd5 27.
Qd2 Qh1 28. h3 Ne3 29. Rg3 Bc6 30. Qe1 Qxe1+ 31. Kxe1 f4 32. Rg6 Bxg2 33. h4
Rh8 34. Rxe6 Rxh4 35. Rd6 Bd5 36. e6 Rh1+ 37. Kd2 Rh8 38. Bg6 Nc4+ 0-1

[Event "Europa tch 2011 femenino"]
[Site "Porto Carras"]
[Date "2011.11.07"]
[Round "5.13"]
[White "Panella, Fiammetta"]
[Black "Vanagaite, Giedre"]
[Result "0-1"]
[WhiteElo "2014"]
[BlackElo "1958"]
[PlyCount "100"]
[EventDate "2011.11.03"]
[EventType "team"]
[EventRounds "9"]
[EventCountry "GRE"]
[Source "lmi"]
[SourceDate "2011.11.03"]
[WhiteTeamCountry "NED"]
[BlackTeamCountry "GRE"]

1. e4 c5 2. Nf3 d6 3. d4 cxd4 4. Nxd4 Nf6 5. Nc3 a6 6. f4 Qc7 7. Bd3 g6 8. Nf3
Nbd7 9. O-O Bg7 10. Kh1 b5 11. e5 dxe5 12. fxe5 Nxe5 13. Bf4 Nfd7 14. Nxe5 Bxe5
15. Nd5 Qd6 16. Be4 Rb8 17. Bxe5 Nxe5 18. Nf6+ Kf8 19. Qxd6 exd6 20. Bd5 Ke7
21. Rae1 Be6 22. b3 h6 23. Re2 Rhc8 24. h3 Bf5 25. Ne4 Bxe4 26. Rxe4 f5 27. Re2
Rc5 28. c4 bxc4 29. Bxc4 a5 30. g4 Rf8 31. gxf5 Rxf5 32. Rxf5 gxf5 33. Kg2 Kf6
34. Rd2 Nxc4 35. bxc4 Ke6 36. Rd4 Ke5 37. Rh4 Rc7 38. Kf3 a4 39. Ke3 a3 40. Kd3
Rb7 41. Rxh6 Rb2 42. Rh8 Rxa2 43. h4 Rh2 44. h5 a2 45. Ra8 Rh3+ 46. Kc2 Rxh5
47. Kd3 Rh3+ 48. Kc2 f4 49. Kd2 Ke4 50. Ra4 Rh1 0-1

[Event "Europa tch 2011 femenino"]
[Site "Porto Carras"]
[Date "2011.11.07"]
[Round "5.13"]
[White "Zimina, Olga"]
[Black "Zaksaite, Salomeja"]
[Result "1-0"]
[WhiteElo "2338"]
[BlackElo "2200"]
[PlyCount "71"]
[EventDate "2011.11.03"]
[EventType "team"]
[EventRounds "9"]
[EventCountry "GRE"]
[Source "lmi"]
[SourceDate "2011.11.03"]
[WhiteTeamCountry "NED"]
[BlackTeamCountry "GRE"]

1. e4 e5 2. Nf3 Nc6 3. d4 exd4 4. Nxd4 Bb4+ 5. c3 Bc5 6. Be3 Bb6 7. Nf5 Bxe3 8.
Nxe3 Nf6 9. f3 O-O 10. Be2 Qe7 11. Qd2 Re8 12. O-O d5 13. Nxd5 Nxd5 14. Qxd5
Be6 15. Qh5 Rad8 16. Rf2 f5 17. Na3 Ne5 18. Nb5 c5 19. exf5 Bf7 20. Qh3 a6 21.
Na3 c4 22. Nc2 Rd2 23. Nd4 Nd3 24. Bxd3 Rxf2 25. f6 Qxf6 26. Bxh7+ Kf8 27. Kxf2
Qf4 28. Qf5 Qd2+ 29. Kg3 b6 30. Bg6 Re7 31. Bxf7 Rxf7 32. Qc8+ Ke7 33. Qc7+ Ke8
34. Qc8+ Ke7 35. Qe6+ Kf8 36. Re1 1-0

[Event "Europa tch 2011 femenino"]
[Site "Porto Carras"]
[Date "2011.11.07"]
[Round "5.14"]
[White "Hansen, Erle Andrea Marki"]
[Black "Newrkla, Katharina"]
[Result "1/2-1/2"]
[WhiteElo "1762"]
[BlackElo "2131"]
[PlyCount "60"]
[EventDate "2011.11.03"]
[EventType "team"]
[EventRounds "9"]
[EventCountry "GRE"]
[Source "lmi"]
[SourceDate "2011.11.03"]
[WhiteTeamCountry "NED"]
[BlackTeamCountry "GRE"]

1. e4 e5 2. Nf3 Nc6 3. d4 exd4 4. Nxd4 Nf6 5. Nc3 Bb4 6. Nxc6 bxc6 7. Bd3 d5 8.
exd5 cxd5 9. O-O O-O 10. Ne2 Bd6 11. c3 c5 12. Ng3 Qc7 13. Bg5 Ng4 14. Be2 Ne5
15. Qxd5 Bb7 16. Qd2 Qc6 17. f3 c4 18. Kh1 f6 19. Be3 Rad8 20. Bd4 Rfe8 21. Ne4
Bc7 22. Rfd1 Ng6 23. Bf1 Kh8 24. Qf2 Rd5 25. Ng3 Rg5 26. Be3 Bxg3 27. hxg3 Rh5+
28. Kg1 Rhe5 29. Bd4 Rg5 30. Re1 Rd8 1/2-1/2

[Event "Europa tch 2011 femenino"]
[Site "Porto Carras"]
[Date "2011.11.07"]
[Round "5.14"]
[White "Kopinits, Anna-Christina"]
[Black "Carlsen, Ellen Oen"]
[Result "1-0"]
[WhiteElo "2276"]
[BlackElo "1931"]
[PlyCount "65"]
[EventDate "2011.11.03"]
[EventType "team"]
[EventRounds "9"]
[EventCountry "GRE"]
[Source "lmi"]
[SourceDate "2011.11.03"]
[WhiteTeamCountry "NED"]
[BlackTeamCountry "GRE"]

1. d4 Nf6 2. Nf3 g6 3. Bf4 Bg7 4. e3 c5 5. c3 O-O 6. Nbd2 cxd4 7. exd4 Nc6 8.
Be2 d6 9. O-O e5 10. dxe5 Nd5 11. Bg5 Qd7 12. exd6 Qxd6 13. Ne4 Qe6 14. Bc4
Qxe4 15. Qxd5 Qg4 16. h3 Qh5 17. Bf4 Bf5 18. Ng5 Rad8 19. Qf3 Qxf3 20. Nxf3 h6
21. Rfd1 g5 22. Be3 Bc2 23. Rxd8 Rxd8 24. Kf1 Rd6 25. Rc1 Be4 26. Nd2 Bf5 27.
Be2 a6 28. Nc4 Rg6 29. Rd1 Bf8 30. Nb6 Bd6 31. g4 Bc2 32. Rc1 Be4 33. f3 1-0